Statistics for Borderless World Map without 20 Random Countries

Click here to take the quiz!

General Stats

  • This quiz has been taken 29,420 times
  • The average score is 17 of 20

Answers on the Map

Answers color-coded by a green-red scale on the quiz's map according to % correct below.
 

Answer Stats

Country% Correct
Brazil
100%
Canada
100%
Mexico
100%
Russia
100%
Algeria
99%
Argentina
99%
Colombia
99%
Libya
99%
Paraguay
99%
United States
99%
China
98%
Egypt
98%
France
98%
Germany
98%
Kazakhstan
98%
Niger
98%
Sudan
98%
Bolivia
97%
DR Congo
97%
India
97%
Mongolia
97%
Namibia
97%
Spain
97%
Switzerland
97%
Australia
96%
Austria
96%
Chad
96%
Indonesia
96%
Italy
96%
Mali
96%
Pakistan
96%
Peru
96%
Poland
96%
Cameroon
95%
Ethiopia
95%
Iran
95%
Mauritania
95%
Nepal
95%
Nigeria
95%
Panama
95%
Saudi Arabia
95%
South Africa
95%
South Sudan
95%
Turkey
95%
Venezuela
95%
Belarus
94%
Botswana
94%
Czech Republic
94%
Finland
94%
Guatemala
94%
Sweden
94%
Ukraine
94%
Zimbabwe
94%
Afghanistan
93%
Ecuador
93%
Guinea
93%
Honduras
93%
Hungary
93%
Kenya
93%
Nicaragua
93%
United Kingdom
93%
Zambia
93%
Central African Republic
92%
Costa Rica
92%
Guyana
92%
Iraq
92%
Romania
92%
Tanzania
92%
Uruguay
92%
Uzbekistan
92%
Angola
91%
Belgium
91%
Ghana
91%
Ivory Coast
91%
Senegal
91%
Slovakia
91%
Laos
90%
Lesotho
90%
Mozambique
90%
Serbia
90%
Yemen
90%
Benin
89%
Burkina Faso
89%
Morocco
89%
Myanmar
89%
Portugal
89%
Republic of the Congo
89%
Thailand
89%
Togo
89%
Turkmenistan
89%
Chile
87%
Croatia
87%
Norway
87%
Japan
86%
Kyrgyzstan
86%
Oman
86%
Bangladesh
85%
Bulgaria
85%
Kosovo
85%
Malawi
85%
Papua New Guinea
85%
Suriname
85%
Uganda
85%
Eswatini
84%
Bosnia and Herzegovina
83%
Gabon
83%
Ireland
83%
North Korea
83%
North Macedonia
83%
Sierra Leone
83%
Tajikistan
83%
Jordan
82%
Moldova
82%
Greece
81%
Slovenia
81%
Guinea-Bissau
80%
Cambodia
79%
Malaysia
79%
South Korea
79%
Tunisia
79%
Denmark
78%
Equatorial Guinea
78%
Haiti
78%
Liberia
77%
New Zealand
77%
Cuba
75%
Lithuania
75%
Sri Lanka
74%
Dominican Republic
73%
Eritrea
73%
Syria
73%
Armenia
72%
Netherlands
72%
Rwanda
72%
Somalia
72%
Madagascar
71%
Iceland
69%
Vietnam
69%
Azerbaijan
68%
Georgia
67%
Albania
65%
Kiribati
65%
Latvia
65%
Mauritius
65%
Taiwan
65%
Cape Verde
64%
Comoros
64%
Sao Tome and Principe
64%
Seychelles
64%
Philippines
62%
Estonia
61%
United Arab Emirates
61%
Maldives
60%
FS Micronesia
59%
Burundi
58%
Jamaica
58%
Israel
57%
Solomon Islands
54%
Marshall Islands
52%
Tuvalu
51%
Bahamas
50%
Malta
50%
Belize
49%
Fiji
49%
El Salvador
48%
Palau
48%
Vanuatu
48%
Nauru
47%
Kuwait
45%
Tonga
45%
Samoa
41%

Score Distribution

Percentile by Number Answered

Percent of People with Each Score

Your Score History

You have not taken this quiz